Nghiên cứu tư liệu lý luận văn hóa dân gian Việt Nam

Trình bày những vấn đề cơ bản của nghiên cứu tư liệu lý luận văn hoá dân gian Việt Nam như đặc trưng, giá trị của văn hoá dân gian, phân loại văn hoá dân gian, phân vùng văn hoá dân gian, tiến trình lịch sử văn hoá dân gian, về nghệ thuật,...

全面介绍

Đã lưu trong:
书目详细资料
主要作者: Trần, Gia Linh
格式: 图书
语言:Undetermined
出版: Hà Nội Văn hoá Thông tin 2014
主题:
标签: 添加标签
没有标签, 成为第一个标记此记录!
Thư viện lưu trữ: Trung tâm Học liệu Trường Đại học Cần Thơ
LEADER 01070nam a2200205Ia 4500
001 CTU_190803
008 210402s9999 xx 000 0 und d
082 |a 398.09597 
082 |b L312/Q.1 
100 |a Trần, Gia Linh 
245 0 |a Nghiên cứu tư liệu lý luận văn hóa dân gian Việt Nam 
245 0 |c Trần Gia Linh 
260 |a Hà Nội 
260 |b Văn hoá Thông tin 
260 |c 2014 
520 |a Trình bày những vấn đề cơ bản của nghiên cứu tư liệu lý luận văn hoá dân gian Việt Nam như đặc trưng, giá trị của văn hoá dân gian, phân loại văn hoá dân gian, phân vùng văn hoá dân gian, tiến trình lịch sử văn hoá dân gian, về nghệ thuật, lễ hội dân gian, thi pháp văn học, văn học dân gian hiện đại... 
650 |a Folklore,Văn hóa dân gian 
650 |z Vietnam,Việt Nam 
910 |a Hải 
980 |a Trung tâm Học liệu Trường Đại học Cần Thơ